000 00829cam a22002534a 4500
008
020 _a0471985163 (pbk.)
049 _aMAIN
090 _aNA2542.35
_bDES
245 0 0 _aDesign professionals and the built environment :
_ban introduction /
_cedited by Paul Knox and Peter Ozolins.
260 _aChichester :
_bJohn Wiley & Sons,
_c2000.
300 _ax, 356 p. :
_bill. ;
_c17 X25 cm.
500 _aIncludes index.
504 _aIncludes bibliographical references.
650 0 _aArchitecture
_xEnvironmental aspects.
650 0 _aArchitectural practice
_xSocial aspects.
700 1 _aKnox, Paul.
700 1 _aOzolins, Peter.
907 _a.b10373767
_b02-06-16
_c31-05-16
003
005 20230123122217.0
040 _cNUST
942 _cBOOKS
_kNA2542.35
_mDES
999 _c129726
_d129726